000 00573nam a22002057a 4500
003 RIchmond
005 20151028113224.0
008 130311t xxu||||| |||| 00| 0 eng d
020 _a9780156027649
050 _aPA 4414
_b.R455 1977
082 _aIB 882.01
_b.So6 1977
245 _aThe oedipus cycle :
_cSophocles
_ban english version
260 _aNew York
_bHarcourt
_cc1977
300 _a257 p.
_c20 cm.
562 _e1
650 _aSophocles--Translations into English.
650 _aAntigone (Greek mythology--Drama.
942 _2lcc
_cBK
999 _c3051
_d3051